Botanical ecology and conservation of the laguna de la Herrera (<Sabana de Bogota, Colombia (Registro nro. 14978)
[ vista simple ]
| 000 -CABECERA | |
|---|---|
| Campo de control | 004170000a22001330004500 |
| 090 ## - CLASIFICACIÓN LOCAL | |
| Colección | AS |
| Consecutivo | Seriadas |
| 041 0# - IDIOMA | |
| Código de idioma para texto/pista de sonido o título separado | |
| 100 1# - ASIENTO PRINCIPAL--NOMBRE PERSONAL | |
| Nombre personal | Wijninga, V. M. |
| 245 10 - MENCION DE TITULO | |
| Título | Botanical ecology and conservation of the laguna de la Herrera (<Sabana de Bogota, Colombia |
| 700 1# - ASIENTO SECUNDARIO - NOMBRE PERSONAL | |
| Nombre personal | Rangel Ch., J. Orlando |
| 700 1# - ASIENTO SECUNDARIO - NOMBRE PERSONAL | |
| Nombre personal | Cleef, Antoine M. |
| 773 1# - Item fuente: | |
| Título | Caldasia |
| Especificación de materiales | 45 |
| Descripción física | 76 |
| Paginas del Articulo | 23-40 |
| Lugar, editorial y fecha de publicación | 1989 |
| Información sobre la relación | 16 |
| 942 ## - ELEMENTOS ADICIONALES (KOHA) | |
| Tipo de ítem | Artículo |
No hay ítems disponibles.